[Event "ESP-ch Rapid"]
[Site "Linares"]
[Date "2023.08.19"]
[Round "4"]
[White "Mejuto de Ulloa, Jorge"]
[Black "Espinosa Aranda, Angel"]
[Result "0-1"]
[WhiteElo "2090"]
[BlackElo "2440"]
[PlyCount "66"]
[EventDate "2023.08.19"]
[EventType "swiss (rapid)"]
[EventRounds "10"]
[EventCountry "ESP"]
[SourceTitle "CBM 215 Extra"]
[Source "ChessBase"]
[SourceDate "2023.09.30"]
[SourceVersion "1"]
[SourceVersionDate "2023.09.30"]
[SourceQuality "1"]

1. c4 e5 2. Nc3 Bb4 3. g3 Bxc3 4. dxc3 Nc6 5. Bg2 Nge7 6. Nf3 0-0 7. 0-0 d6 8. b4 Be6 9. c5 f6 10. cxd6 cxd6 11. e4 Rc8 12. Re1 d5 13. exd5 Nxd5 14. Bd2 Nb6 15. a4 Nc4 16. a5 Qd7 17. Be3 Qf7 18. Nd2 Rfd8 19. Qc2 Nxb4 20. Qa4 Nxe3 21. Rxe3 Nd5 22. Rd3 Nxc3 23. Rxd8+ Rxd8 24. Qb4 Qc7 25. Ne4 Nxe4 26. Bxe4 b6 27. axb6 Qxb6 28. Qe7 Bh3 29. Bf3 a5 30. g4 Qd4 31. Qe6+ Kh8 32. Rc1 h5 33. Rc8 Qa1+ 0-1

[Event "Santiago de Compostela Bicapawn GP B4"]
[Site "Santiago de Compostela"]
[Date "2022.10.21"]
[Round "6"]
[White "Mejuto de Ulloa, Jorge"]
[Black "Sargissian, Gabriel"]
[Result "1-0"]
[WhiteElo "2107"]
[BlackElo "2711"]
[PlyCount "158"]
[EventDate "2022.10.21"]
[EventType "swiss (blitz)"]
[EventRounds "9"]
[EventCountry "ESP"]
[SourceTitle "CBM 210 Extra"]
[Source "ChessBase"]
[SourceDate "2022.11.30"]
[SourceVersion "1"]
[SourceVersionDate "2022.11.30"]
[SourceQuality "1"]

1. d4 Nf6 2. Nf3 g6 3. c4 Bg7 4. Nc3 0-0 5. g3 b6 6. Bg2 Bb7 7. 0-0 Ne4 8. Qc2 Nxc3 9. bxc3 Nc6 10. Rb1 d6 11. Rd1 Na5 12. c5 Rc8 13. Bf4 Qe8 14. e4 e5 15. dxe5 dxe5 16. Be3 Qe7 17. Qa4 Bc6 18. Qb4 Qe6 19. Ng5 Qxa2 20. Bh3 Rcd8 21. cxb6 cxb6 22. Bf1 h6 23. Nf3 Qe6 24. Nd2 Kh7 25. c4 Nb7 26. Ra1 Ra8 27. Ra6 Rfb8 28. Rda1 Na5 29. c5 Bb7 30. Rxa7 Rxa7 31. cxb6 Raa8 32. Rxa5 Bf8 33. Qa4 Rxa5 34. Qxa5 Ra8 35. Qc3 Rc8 36. Bc4 Qd6 37. Qb3 f5 38. Bg8+ Kh8 39. Be6 Rc1+ 40. Kg2 f4 41. gxf4 Bg7 42. f5 gxf5 43. Bxf5 Qf6 44. Nf3 Rc8 45. Qb5 Rg8 46. Kf1 Bc6 47. Qc5 Bb7 48. Bd2 Ba6+ 49. Ke1 Bf8 50. Qc2 Qd6 51. Bc3 Bg7 52. Qb2 Re8 53. Qd2 Qc5 54. Qd7 Rf8 55. Qd2 Qc4 56. Kd1 Qf1+ 57. Ne1 Bc4 58. Bxe5 Bb3+ 59. Kc1 Qc4+ 60. Kb1 Bc2+ 61. Nxc2 Qb5+ 62. Qb4 Qxe5 63. b7 Rb8 64. Bc8 Kh7 65. Ka2 Qf4 66. Bf5+ Kh8 67. Qc5 Re8 68. Qc8 Qe5 69. Nd4 Qa5+ 70. Kb3 Qb6+ 71. Ka2 Qa5+ 72. Kb3 Qb6+ 73. Kc2 Qa5 74. Kb3 Qb6+ 75. Kc2 Rf8 76. Ne6 Re8 77. Nd4 Rd8 78. Ne6 Rf8 79. Nd4 Rd8 1-0

[Event "ESP-chT CECLUB Div2"]
[Site "Linares"]
[Date "2017.08.09"]
[Round "2.7"]
[White "Nieves Cabanes, Jose Manuel"]
[Black "Mejuto de Ulloa, Jorge"]
[Result "0-1"]
[WhiteElo "2309"]
[BlackElo "2132"]
[PlyCount "168"]
[EventDate "2017.08.08"]
[EventType "team"]
[EventRounds "7"]
[EventCountry "ESP"]
[SourceTitle "CBM 179 Extra"]
[Source "ChessBase"]
[SourceDate "2017.08.23"]
[SourceVersion "1"]
[SourceVersionDate "2017.08.23"]
[SourceQuality "1"]
[WhiteTeam "Manises Eva"]
[BlackTeam "Circulo Ferrolano de Ajedrez"]
[WhiteTeamCountry "ESP"]
[BlackTeamCountry "ESP"]

1. Nf3 c5 2. c4 Nc6 3. g3 g6 4. Bg2 Bg7 5. 0-0 d6 6. Nc3 e5 7. d3 Nge7 8. Ne1 0-0 9. Nc2 f5 10. Ne3 h6 11. Ned5 g5 12. f4 exf4 13. gxf4 g4 14. Be3 h5 15. Bf2 Ng6 16. Rb1 Kh8 17. a3 Rb8 18. b4 b6 19. b5 Nd4 20. e3 Ne6 21. Qe1 Re8 22. Ne2 Nc7 23. e4 Nxd5 24. cxd5 Qf6 25. Qd2 h4 26. Rbc1 Rb7 27. Rc4 Rbe7 28. Rfc1 Bb7 29. Re1 Bh6 30. Ra4 fxe4 31. dxe4 Nxf4 32. Nxf4 Bxf4 33. Qe2 Rg8 34. Rxa7 Bxh2+ 35. Kxh2 g3+ 36. Kg1 h3 37. Be3 hxg2 38. Bc1 Qf2+ 39. Qxf2 gxf2+ 40. Kxf2 g1Q+ 41. Rxg1 Rf7+ 42. Bf4 Rxf4+ 43. Ke3 Rxg1 44. Kxf4 Rf1+ 45. Ke3 Rf7 46. a4 Kg7 47. a5 bxa5 48. b6 Kf6 49. Kf4 Rh7 50. Rxa5 Rh4+ 51. Kf3 Ke5 52. Ra7 Rf4+ 53. Kg3 Rf7 54. Ra4 Bxd5 55. exd5 Kxd5 56. Ra7 Rf8 57. Rc7 Rf1 58. b7 Rb1 59. Kf4 c4 60. Ke3 Rb3+ 61. Kd2 Kd4 62. Rh7 d5 63. Kc2 Kc5 64. Rc7+ Kd6 65. Rh7 Kc6 66. Rh6+ Kxb7 67. Rd6 Rb5 68. Kc3 Kc7 69. Rh6 Rb3+ 70. Kd4 Rd3+ 71. Kc5 Kd7 72. Rd6+ Ke7 73. Rc6 c3 74. Kb4 d4 75. Kc4 Rd2 76. Kb3 Kd7 77. Rc5 Kd6 78. Rc8 Kd5 79. Re8 Rb2+ 80. Ka3 Rb7 81. Rh8 c2 82. Rc8 d3 83. Rc3 d2 84. Rd3+ Ke4 0-1

[Event "ESP-chT CECLUB Div2"]
[Site "Linares"]
[Date "2014.08.19"]
[Round "2.1"]
[White "Mejuto de Ulloa, Jorge"]
[Black "Ramiro Ovejero, Juan Luis"]
[Result "0-1"]
[WhiteElo "2112"]
[BlackElo "2364"]
[PlyCount "62"]
[EventDate "2014.08.18"]
[EventType "team-swiss"]
[EventRounds "6"]
[EventCountry "ESP"]
[SourceTitle "CBM 162 Extra"]
[Source "ChessBase"]
[SourceDate "2014.10.17"]
[SourceVersion "1"]
[SourceVersionDate "2014.10.17"]
[SourceQuality "1"]
[WhiteTeam "Ferrolano Circulo"]
[BlackTeam "Jaime Casas"]
[WhiteTeamCountry "ESP"]
[BlackTeamCountry "ESP"]

1. Nf3 d5 2. g3 Nc6 3. d4 Bg4 4. Bg2 e6 5. 0-0 Bd6 6. b3 Nf6 7. Bb2 0-0 8. c4 Bxf3 9. Bxf3 Ne4 10. Bxe4 dxe4 11. d5 exd5 12. cxd5 Ne5 13. Qd4 f5 14. Nd2 Qe7 15. Rac1 h5 16. f4 Ng4 17. Kg2 h4 18. gxh4 Rf6 19. Rc3 Rg6 20. Rg3 Bc5 21. Qc3 Ne3+ 22. Kh3 Rxg3+ 23. hxg3 Nxf1 24. Nxf1 Rd8 25. Ne3 Bxe3 26. Qxe3 Rxd5 27. Qxa7 Rd2 28. Bc3 Rxe2 29. Qxb7 Qf7 30. Qb4 Qh5 31. Qxe4 Rxe4 0-1

[Event "ESP-chT CECLUB Div2"]
[Site "Ciudad Real"]
[Date "2013.08.11"]
[Round "6.2"]
[White "Nadal Bestard, Sebastian"]
[Black "Mejuto de Ulloa, Jorge"]
[Result "0-1"]
[WhiteElo "1828"]
[BlackElo "2130"]
[PlyCount "92"]
[EventDate "2013.08.07"]
[EventType "team-swiss"]
[EventRounds "6"]
[EventCountry "ESP"]
[SourceTitle "CBM 155 Extra"]
[Source "ChessBase"]
[SourceDate "2013.08.26"]
[SourceVersion "1"]
[SourceVersionDate "2013.08.26"]
[SourceQuality "1"]
[WhiteTeam "Binissalem"]
[BlackTeam "Galicia"]
[WhiteTeamCountry "ESP"]
[BlackTeamCountry "ESP"]

1. d4 f5 2. Nf3 Nf6 3. Bf4 e6 4. e3 Be7 5. h3 0-0 6. c4 d5 7. Nbd2 c6 8. a3 Ne4 9. Nxe4 fxe4 10. Ne5 Nd7 11. Be2 Nxe5 12. dxe5 d4 13. exd4 Rxf4 14. 0-0 b6 15. Qd2 Bg5 16. Qc3 Bb7 17. Rad1 Qe7 18. Bg4 g6 19. g3 Rf7 20. h4 Bh6 21. Qb3 Rd8 22. h5 gxh5 23. Bxh5 Rg7 24. g4 c5 25. d5 exd5 26. cxd5 Qxe5 27. d6+ Kh8 28. Qg3 Bf4 29. Qh4 Rg5 30. Bg6 Qg7 31. Bf5 Be5 32. Rfe1 Bd4 33. d7 Bc6 34. Kf1 Rf8 35. Rxd4 cxd4 36. Rc1 Rgxf5 37. gxf5 Bb5+ 38. Ke1 e3 39. Kd1 Qxd7 40. f6 d3 41. fxe3 Ba4+ 42. Kd2 Rg8 43. Qf2 Qb5 44. b4 Qd5 45. f7 Qa2+ 46. Ke1 Rg1+ 0-1

[Event "Burgas op 17th"]
[Site "Ourense"]
[Date "2008.07.09"]
[Round "7"]
[White "Mejuto de Ulloa, Jorge"]
[Black "Doval Gonzalez, Jose"]
[Result "1-0"]
[WhiteElo "2067"]
[BlackElo "1886"]
[PlyCount "71"]
[EventDate "2008.07.03"]
[EventType "swiss"]
[EventRounds "9"]
[EventCountry "ESP"]
[SourceTitle "CBM 125 Extra"]
[Source "ChessBase"]
[SourceDate "2008.09.01"]
[SourceVersion "1"]
[SourceVersionDate "2008.09.01"]
[SourceQuality "1"]

1. e4 d5 2. exd5 Nf6 3. Nf3 Nxd5 4. d4 g6 5. Be2 Bg7 6. 0-0 0-0 7. h3 c6 8. c4 Nb6 9. Nc3 Bf5 10. Be3 Re8 11. Qb3 Qc8 12. a4 e5 13. dxe5 N6d7 14. g4 Be6 15. Bf4 Nc5 16. Qd1 a5 17. Re1 Nba6 18. Ng5 Rd8 19. Qb1 Qc7 20. Bf1 Nb4 21. Nxe6 Nxe6 22. Bg3 Qe7 23. Rd1 Nd4 24. Qe4 Nb3 25. Rxd8+ Rxd8 26. Re1 Nd2 27. Qe2 Nc2 28. Rd1 Nd4 29. Qe3 N2f3+ 30. Kh1 Bxe5 31. Rxd4 Rxd4 32. Qxf3 Bxg3 33. Qxg3 Rd2 34. b3 Qb4 35. Ne4 Rb2 36. Qb8+ 1-0

[Event "ESP-ch U18"]
[Site "Linares"]
[Date "2007.08.04"]
[Round "9"]
[White "Mejuto de Ulloa, Jorge"]
[Black "Barbosa Rubies, Laia"]
[Result "1-0"]
[WhiteElo "2062"]
[BlackElo "1847"]
[PlyCount "65"]
[EventDate "2007.07.29"]
[EventType "swiss"]
[EventRounds "9"]
[EventCountry "ESP"]
[SourceTitle "EXT 2008"]
[Source "ChessBase"]
[SourceDate "2007.11.25"]
[SourceVersion "1"]
[SourceVersionDate "2007.11.25"]
[SourceQuality "1"]

1. e4 e6 2. d4 d5 3. Nd2 Nf6 4. e5 Nfd7 5. c3 c5 6. Bd3 Nc6 7. Ne2 Be7 8. f4 cxd4 9. cxd4 f6 10. Nf3 Qb6 11. a3 0-0 12. b4 a6 13. Ra2 Re8 14. Rc2 Nf8 15. 0-0 Bd7 16. Kh1 Na7 17. Nc3 Rac8 18. Bb2 a5 19. bxa5 Qxa5 20. Qe2 b5 21. Ra1 Rc7 22. Qd2 Rec8 23. Nxd5 Qxd2 24. Nxe7+ Kf7 25. Rxd2 Kxe7 26. Re1 Ng6 27. exf6+ gxf6 28. f5 Nf4 29. fxe6 Bxe6 30. d5 Nxd5 31. Bf5 Nf4 32. Bxe6 Nxe6 33. Rde2 1-0

[Event "Burgas op 16th"]
[Site "Ourense"]
[Date "2007.07.10"]
[Round "6.17"]
[White "Alonso Macias, Victor"]
[Black "Mejuto de Ulloa, Jorge"]
[Result "1-0"]
[WhiteElo "1944"]
[BlackElo "2062"]
[PlyCount "61"]
[EventDate "2007.07.05"]
[EventType "swiss"]
[EventRounds "9"]
[EventCountry "ESP"]
[SourceTitle "EXT 2008"]
[Source "ChessBase"]
[SourceDate "2007.11.25"]
[SourceVersion "1"]
[SourceVersionDate "2007.11.25"]
[SourceQuality "1"]

1. e4 e6 2. d4 d5 3. exd5 exd5 4. c4 c6 5. Nc3 Nf6 6. Nf3 Bg4 7. h3 Bh5 8. Be3 Nbd7 9. cxd5 Nxd5 10. Nxd5 cxd5 11. Be2 Bb4+ 12. Bd2 Bd6 13. Qb3 Nb6 14. Bb5+ Kf8 15. 0-0 Qf6 16. Ne5 Bxe5 17. dxe5 Qxe5 18. Bb4+ Kg8 19. Rfe1 Qf6 20. Qe3 h6 21. Bd3 Bg6 22. Bc3 Qd6 23. Qd4 Rh7 24. Bxg6 Qxg6 25. Re3 Qd6 26. Rae1 Qc6 27. Re7 Rd8 28. Qf4 g5 29. Qf5 d4 30. Bxd4 Nd5 31. Qxd5 1-0

[Event "Burgas op 15th"]
[Site "Ourense"]
[Date "2006.??.??"]
[Round "6"]
[White "Mejuto de Ulloa, Jorge"]
[Black "Vidal del Rio, Manuel"]
[Result "0-1"]
[WhiteElo "1984"]
[BlackElo "2178"]
[PlyCount "40"]
[EventDate "2006.07.04"]
[EventType "swiss"]
[EventRounds "9"]
[EventCountry "ESP"]
[SourceTitle "CBM 113 Extra"]
[Source "ChessBase"]
[SourceDate "2006.09.14"]
[SourceVersion "1"]
[SourceVersionDate "2006.09.14"]
[SourceQuality "1"]

1. e4 c5 2. Nf3 e6 3. d4 cxd4 4. Nxd4 Nf6 5. Nc3 Nc6 6. Nxc6 bxc6 7. e5 Nd5 8. Ne4 Qc7 9. f4 Bb4+ 10. c3 Be7 11. Bd3 Qb6 12. Qg4 0-0 13. h4 Ba6 14. Bb1 f5 15. exf6 Nxf6 16. Nxf6+ Rxf6 17. a4 Raf8 18. Qh5 Rh6 19. a5 Bxh4+ 20. Qxh4 Qb5 0-1